Indiana Jones Villains by Death - Statistics

General Stats
  • This quiz has been taken 66 times
  • The average score is 4 of 5
Answer Stats
Picture Answer % Correct
René Belloq
92%
Walter Donovan
87%
Mola Ram
85%
Irina Spalko
63%
Jürgen Voller
35%
No matching quizzes found
Score Distribution
Percent of People with Each Score
Percentile by Number Answered
Your Score History
You have not taken this quiz